Normal view
MARC view
- Lenkersdorf, Carlos
Entry Nombre Personal
001 - NUMERO DE CONTROL
- campo de control: 28987
003 - IDENTIFICADOR DE NUMERO DE CONTROL
- campo de control: DLC
005 - FECHA Y HORA DE LA ÜLTIMA TRANSACCIÓN
- campo de control: 20230918114407.0
008 - DATOS DE LONGITUD FIJA
- campo de control de longitud fija: 890928n| acannaab| |n aaa |||
010 ## - NÚMERO DE CONTROL DE LA BIBLIOTECA DEL CONGRESO
- Número de control LC: n 89654444
040 ## - FUENTE DE CATALOGACIÓN
- Agencia original de catalogación: DLC
- Lenguaje de catalogación: spa
- Agencia de transcripción: DLC
- Agencia que lo modifica: DLC
- Agencia que lo modifica: MX-MxUPN
046 ## - FECHAS CON CODIFICACIÓN ESPECIAL
- Fecha de nacimiento: 1926
- Fecha de muerte: 2010
100 1# - ENCABEZAMIENTO - NOMBRE PERSONAL
- Nombre personal: Lenkersdorf, Carlos
370 ## - LUGAR ASOCIADO
- Place of birth: Berlín
- Place of residence/headquarters: México
373 ## - GRUPO ASOCIADO
- Associated group: Universidad Nacional Autónoma de México. Centro de Estudios Mayas
- Fuente del término: naf
374 ## - OCUPACIÓN
- Occupation: Profesor universitario
- Occupation: Teólogo
- Occupation: Lingüista
- Occupation: Filósofo
- Occupation: Traductor
670 ## - FUENTE EN LA QUE SE LOCALIZARON DATOS
- Cita de la fuente: B'omak'umal tojol ab'al-kastiya, 1979-1981
- Información localizada: (hdg. on MH rept.: Lenkersdorf, Carlos; usage: Carlos Lenkersdorf)
670 ## - FUENTE EN LA QUE SE LOCALIZARON DATOS
- Cita de la fuente: San Miguel Chiptik, 1998:
- Información localizada: portada (Carlos Lenkersdorf) p. 4 of cover (b. Berlín, 1926, vive en México desde 1957; investigador del Centro de Estudios Mayas de la UNAM)
670 ## - FUENTE EN LA QUE SE LOCALIZARON DATOS
- Cita de la fuente: Homenaje a Carlos Lenkersdorf ( 1926-2010 ) : mi ch'ayeluka jk'ujoltikon, 2014:
- Información localizada: página 4 de la cubierta (Carlos Lenkersdorf, 1926-2010; fue teólogo, filósofo, lingüista y traductor)
902 ## - CATALOGADOR
- Catalogador: Víctor Ruiz/180923
